000 01464cam a22001934a 4500
999 _c1738
_d1738
020 _a0078112575
050 _a HD62.4
_b.H63
100 _aLuthans, Fred.
245 _aInternational management :
_bculture, strategy, and behavior /.
_cFred Luthans, Jonathan P. Doh.
250 _a 8th ed.
260 _a New York :|
_bMcGraw-Hill,
_c2012.
300 _a xxvi, 646 p. .
_bill. ;
_c28 cm.
500 _a Rev. ed. of: International management / Richard M. Hodgetts, Fred Luthans, Jonathan Doh. 6th ed. 2006.
505 _aChapter 1. Globalization and International Linkages Chapter 2. The Political, Legal and Technological Environment Chapter 3. Ethics and Social Responsibility Chapter 4. The Meanings and Dimensions of Culture Chapter 5. Managing Across cultures Chapter 6. Organisational Cultures and Diversity Chapter 7. Cross-Cultural communication and Negotiation Chapter 8. Strategy Formulation and Implementation Chapter 9. Entry Strategies and Organisational structures Chapter 10. Managing Political Risk, Government Relations and Alliances Chapter 11. Management Decision and Control Chapter 12. Motivation Across Cultures Chapter 13. Leadership Across Cultures Chapter 14. Human Resource Selection and Development Across cultures
650 _aInternational business enterprises
_xManagement.
700 _a Doh, Jonathan P.
710 _a Hodgetts, Richard M.|tInternational management.
942 _cBK